Medicine Road / (Record no. 31091)

MARC details
000 -LEADER
fixed length control field 01366cam a2200349Ia 4500
001 - CONTROL NUMBER
control field 159935083
003 - CONTROL NUMBER IDENTIFIER
control field OSt
005 - DATE AND TIME OF LATEST TRANSACTION
control field 20250902025346.0
008 - FIXED-LENGTH DATA ELEMENTS--GENERAL INFORMATION
fixed length control field 070730r20072006nyu 000 f eng
020 ## - INTERNATIONAL STANDARD BOOK NUMBER
International Standard Book Number 0843958146 (pbk.)
020 ## - INTERNATIONAL STANDARD BOOK NUMBER
International Standard Book Number 9780843958140 (pbk.)
035 ## - SYSTEM CONTROL NUMBER
System control number (WyU)b25669175
035 ## - SYSTEM CONTROL NUMBER
System control number 159935083
035 ## - SYSTEM CONTROL NUMBER
System control number (OCoLC)ocn159935083
040 ## - CATALOGING SOURCE
Original cataloging agency JBU
Transcribing agency JBU
Modifying agency BAKER
-- WYU
090 ## - LOCALLY ASSIGNED LC-TYPE CALL NUMBER (OCLC); LOCAL CALL NUMBER (OCLC)
Classification number (OCLC) (R) ; Classification number, CALL (RLIN) (NR) PS3551.L393 M435 2007
090 ## - LOCALLY ASSIGNED LC-TYPE CALL NUMBER (OCLC); LOCAL CALL NUMBER (OCLC)
Classification number (OCLC) (R) ; Classification number, CALL (RLIN) (NR) PS3551.L393
Local cutter number (OCLC) ; Book number/undivided call number, CALL (RLIN) M435 2007
100 1# - MAIN ENTRY--PERSONAL NAME
Personal name Henry, Will,
Dates associated with a name 1912-1991.
245 10 - TITLE STATEMENT
Title Medicine Road /
Statement of responsibility, etc. Will Henry.
260 ## - PUBLICATION, DISTRIBUTION, ETC. (IMPRINT)
Place of publication, distribution, etc. New York :
Name of publisher, distributor, etc. Leisure Books,
Date of publication, distribution, etc. 2007, c2006.
300 ## - PHYSICAL DESCRIPTION
Extent 294 p. ;
Dimensions 18 cm.
500 ## - GENERAL NOTE
General note Originally published: Waterville, Me.: Five Star, 2006.
505 0# - FORMATTED CONTENTS NOTE
Formatted contents note Orphans of the North -- Medicine Road.
520 ## - SUMMARY, ETC.
Summary, etc. Mountain man Jim Bridger is counting on Jesse Callahan. He knows Callahan is the best mantolead the wagon train delivering guns and ammunition to Bridger's trading post at Green River. But Brigham Young has sworn to wipe out Bridger's posts, and he's hired Arapahoe warrior Watonga to capture those weapons at any cost.
600 10 - SUBJECT ADDED ENTRY--PERSONAL NAME
Personal name Bridger, Jim,
Dates associated with a name 1804-1881
Form subdivision Fiction.
600 10 - SUBJECT ADDED ENTRY--PERSONAL NAME
Personal name Young, Brigham,
Dates associated with a name 1801-1877
Form subdivision Fiction.
650 #0 - SUBJECT ADDED ENTRY--TOPICAL TERM
Topical term or geographic name as entry element Indians of North America
Form subdivision Fiction.
655 #0 - INDEX TERM--GENRE/FORM
Genre/form data or focus term Western stories.
740 02 - ADDED ENTRY--UNCONTROLLED RELATED/ANALYTICAL TITLE
Uncontrolled related/analytical title Orphans of the North.
907 ## - LOCAL DATA ELEMENT G, LDG (RLIN)
a .b226590343
942 ## - ADDED ENTRY ELEMENTS (KOHA)
Koha item type Libro/Book
Holdings
Withdrawn status Lost status Damaged status Not for loan Home library Current library Date acquired Total Checkouts Full call number Barcode Date last seen Price effective from Koha item type Public note
        San Juan Del Sur -- Biblioteca San Juan Del Sur -- Biblioteca 02/09/2025   F 30023262 02/09/2025 02/09/2025 Libro/Book Added by Norman

Powered by Koha